000 00326nam a2200133Ia 4500
005 20260328104259.0
008 260328s9999||||xx |||||||||||||| ||und||
100 _aLanzargota Vallín, Juan
245 0 _aArquitectura 2 /
_cJuan Lanzargota Vallín
260 _bEtxeta
300 _a227 p.
650 _aHISTORIA
942 _cBK
999 _c10534
_d10534